000
00360nam a2200133Ia 4500
008
100328s9999 xx 000 0 und d
082
_b
65271
100
_a
रेगे आनंद.
245
_a
झुबेदा.
260
_b
वसंत बुक स्टॉल.
630
_a
झुबेदा.
730
_a
झुबेदा.
942
_c
BOOK
999
_c
551018
_d
551015